Essential mathematics
Сохранить в:
| Главный автор: | |
|---|---|
| Формат: | |
| Язык: | Undetermined |
| Опубликовано: |
Boston
Addison Wesley
2006
|
| Предметы: | |
| Метки: |
Добавить метку
Нет меток, Требуется 1-ая метка записи!
|
| Thư viện lưu trữ: | Trung tâm Học liệu Trường Đại học Cần Thơ |
|---|
| LEADER | 00527nam a2200205Ia 4500 | ||
|---|---|---|---|
| 001 | CTU_117529 | ||
| 008 | 210402s9999 xx 000 0 und d | ||
| 020 | |c 51.07 | ||
| 082 | |a 513 | ||
| 082 | |b L693 | ||
| 100 | |a Lial, Margaret L. | ||
| 245 | 0 | |a Essential mathematics | |
| 245 | 0 | |c Margaret L. Lial, Stanley A. Salzman | |
| 260 | |a Boston | ||
| 260 | |b Addison Wesley | ||
| 260 | |c 2006 | ||
| 650 | |a Arithmetic | ||
| 650 | |x Textbooks | ||
| 904 | |i Tuyến | ||
| 980 | |a Trung tâm Học liệu Trường Đại học Cần Thơ | ||